000 00581nam a2200241 a 4500
001 nice12345678
003 IN_TiNIC
005 20260116012105.0
008 050524s1962 hyda grp 000 0 urd
020 _a
_c5
082 0 0 _a891.41
_bSAJ
100 _aSajida, Zeenat
245 _aKuliyat-E-Shahi, Yani Badshah Bejapur,
260 _aHyderabad
_bIjaz Printing Press
_c1962
300 _a186p
500 _aincludes index and biblioraphy
505 2 _aIndex
650 _aUrdu-Poetry
700 1 _aSajida, Zeenat
902 _bSRS
942 _cBK
999 _c5597
_d5597